| 000 | 00000nam##2200000za#4500 |
| 001 | 9.559701 |
| 003 | CaOODSP |
| 005 | 20210624173015 |
| 007 | cr ||||||||||| |
| 008 | 150406|2005||||xxc|||||o f|0| 0 eng|d |
| 040 | |aCaOODSP|beng |
| 043 | |an-cn--- |
| 086 | 1 |aBT31-2/2006-III-1E-PDF |
| 110 | 1 |aCanada. |bTreasury Board. |
| 245 | 10|aAgriculture and Agri-Food Canada |h[electronic resource] |
| 246 | 3 |aAgriculture and Agri-Food Canada 2005-2006 report on plans and priorities - estimates |
| 260 | |bTreasury Board of Canada Secretariat |c2005. |
| 300 | |a94p.|billus., organization chart, tables, photographs |
| 490 | 1 |a2005-2006 estimates. Part III, Report on plans and priorities |
| 590 | |a13-19-Supp|b2013-08-14 |
| 690 | 07|aEstimates|2gcpds |
| 775 | 08|tAgriculture et agroalimentaire Canada |w(CaOODSP)9.592426 |
| 776 | 0#|tAgriculture et agroalimentaire Canada |w(CaOODSP)9.540781 |
| 776 | 0#|tAgriculture and Agri-Food Canada |w(CaOODSP)9.540780 |
| 830 | #0|a2005-2006 estimates. Part III, Report on plans and priorities.|w(CaOODSP)9.504925 |
| 856 | 40|ahttp://publications.gc.ca|qPDF|s622 KB|uhttps://publications.gc.ca/collections/Collection/BT31-2-2006-III-1E.pdf |